00626nam a2200205Ia 4500001001000000003000500010008004100015010001100056040000900067082001600076100002600092245007900118260005900197300001000256650003100266650002800297650002900325650002700354710003900381Para_2227CHAP220125s1995 xx 000 0 und d a200810 cCHAP aPA 634.2 O3 aOgawa, Joseph M., ed. aCompendium of stone fruit diseases /c ed. by Joseph M. Ogawa... [et. al] aSt. Paul Minn. :b American Phytopathological Society a98 p. aChabacano x enfermedades  aCiruela x enfermedades aDurazno x enfermedades  aFruta x enfermedades  aAmerican Phitopathological Society